Loading...

SEED HEALTH TESTING: PRINCIPLES AND PROTOCOLS

Bibliografiske detaljer
Hovedforfatter: VISHNUVAT, KARUNA
Format: Printed Book
Udgivet: NEWDELHI, KALYANI PUBLISHERS 2011
Udgivelse:2
Fag:
LEADER 008070000a22001810004500
082 |a 581.467 VIS/SE 
100 |a VISHNUVAT, KARUNA  |f Author 
245 |a SEED HEALTH TESTING: PRINCIPLES AND PROTOCOLS 
250 |a 2 
260 |a NEWDELHI, KALYANI PUBLISHERS 
260 |c 2011 
300 |a pages 207 
650 |a SEED SCIENCE 
942 |c BK 
999 |c 164875  |d 164875 
952 |0 0  |1 0  |4 0  |6 581_467000000000000_VIS_SE  |7 0  |9 165919  |a KAUCOAP  |b KAUCOAP  |d 2013-07-24  |o 581.467 VIS/SE  |p KAU_COAP05481  |r 2013-07-24  |w 2018-06-11  |y REF 
952 |0 0  |1 0  |4 0  |6 581_467000000000000_VIS_SE  |7 0  |9 165920  |a KAUCOAP  |b KAUCOAP  |d 2013-07-24  |o 581.467 VIS/SE  |p KAU_COAP06741  |r 2013-07-24  |w 2018-06-11  |y BK 
952 |0 0  |1 0  |4 0  |6 581_467000000000000_VIS_SE  |7 0  |9 165921  |a KAUCOAP  |b KAUCOAP  |d 2013-07-24  |o 581.467 VIS/SE  |p KAU_COAP06742  |r 2013-07-24  |w 2018-06-11  |y BK